000 01138nam a2200289Ia 4500
003 OSt
005 20221005110614.0
006 a|||||r|||| 00| 0
007 ta
008 221004b |||||||| |||| 00| 0 hin d
020 _a8126310626 (pbk)
_cINR 70.00
024 _a37016
037 _bBW/1697, 15/03/2018, Bookwell
_cTextual
040 _aCRL
_cCRL
_bhin
041 _2hin
_ahin
082 _aO152,8N42x, P4
100 _aचतुर्वेदी, गोपाल, ले.
245 0 _aफ़ाइल पढ़ि - पढ़ि
246 _aफ़āil paढ़i - paढ़i
260 _aनई दिल्ली
_bभारतीय ज्ञानपीठ भारत
_c2004
300 _a207पृ0
_ccm.
490 _aलोकोदय ग्रन्थमाला; ग्रन्थांक 517
650 _a हिन्दी साहित्य
650 _aहिन्दी हास्य व्यग्ंय
942 _hO152,8N42x, P4
_cTEXL
_2cc
999 _c1019332
_d1019332